000 06840cam a22019694i 4500
003 PE-LiUPU
005 20250813165645.0
008 150706s2001 sp rb 001 0 spa d
020 _a8445813959
035 _a(Sirsi) i9788445813959
040 _aPE-LiUPU
_bspa
_cPE-LiUPU
_dPE-LiUPU
_erda
049 _aPRUA
082 0 4 _a616.89
_bR58
_221
100 1 _aRigol Cuadra, Assumpta,
_eautor.
245 1 0 _aEnfermería de salud mental y psiquiátrica /
_cAssumpta Rigol Cuadra, Mercedes Ugalde Apalategui.
250 _a2a edición.
264 1 _aBarcelona :
_bMasson,
_c2001.
300 _a403 páginas ;
_c26 centímetros
336 _atext
_2rdacontent
337 _aunmediated
_2rdamedia
338 _avolume
_2rdacarrier
504 _aIncluye referencias bibliográficas e índice.
505 0 _aHistoria de las ideas en psiquiatría -- Etiología de la enfermedad mental -- Salud mental. Conceptos básicos -- Marco conceptual. Metodología -- Factores que influyen en la satisfacción de las necesidades -- Necesidades fundamentales significativas en salud mental -- Salud mental comunitaria -- Rehabilitación psicosocial -- Sistemas de clasificación diagnóstica en psiquiatría -- Rol terapéutico de la enfermera psiquiátrica -- Proceso de cambio y crisis -- Trastornos de ansiedad -- Trastornos somatomorfos y disociativos (neurísis histéricas) -- Trastornos de la personalidad -- Trastornos de inicio en la infancia -- Factores psicológicos y del comportamiento asociados con otros trastornos -- Trastornos de la conducta alimentaria -- Trastornos relacionados con sustancias -- Trastornos esquizofrénicos -- Trastorno delirante (paranoide) -- Delirium y demencia -- Trastornos del estado de ánimo -- Diagnósticos de enfermería NANDA (1999-2000) -- Sistema de autoevaluación.
526 _aP203
526 _aP200
526 _aSEG65
526 _aSEG64
526 _aSEG63
526 _aSEG62
526 _aSEG61
526 _aSEG60
526 _aSEG59
526 _aSEG58
526 _aSEG57
526 _aSEG56
526 _aSEG55
526 _aSEG54
526 _aSEG53
526 _aSEG52
526 _aSEG51
526 _aSEG50
526 _aSEG49
526 _aSEG48
526 _aSEG47
526 _aSEG46
526 _aSEG24
526 _aSEG23
526 _aSEG22
526 _aSEG21
526 _aSEG20
526 _aSEG19
526 _aSEG18
526 _aSEG17
526 _aSEG16
526 _aSEG14
526 _aSEG13
526 _aSEG12
526 _aSEG11
526 _aSEG10
526 _aSEG09
526 _aSEG06
526 _aSEG05
526 _aSEG04
526 _aSEG03
526 _aSEG02
526 _aSEG68
526 _aSEG66
526 _aSEG45
526 _aSEG25
526 _aSEG01
526 _aP163
526 _aP162
526 _aP161
526 _aP160
526 _aP159
526 _aP158
526 _aP157
526 _aP156
526 _aP155
526 _aP154
526 _aP153
526 _aP152
526 _aP151
526 _aP150
526 _aP149
526 _aP142
526 _aP141
526 _aP140
526 _aP139
526 _aP138
526 _aP137
526 _aP132
526 _aP131
526 _aP130
526 _aP126
526 _aP125
526 _aP124
526 _aP123
526 _aP115
526 _aP122
526 _aP121
526 _aP116
526 _a P114
526 _aP112
526 _aP111
526 _aP104
526 _aP103
526 _aP102
526 _aP101
526 _aP100
526 _aP96
526 _aP95
526 _aP93
526 _aP92
526 _aP91
526 _aP88
526 _aP83
526 _aP82
526 _aP79
526 _aP78
526 _aP75
526 _aP74
526 _aP71
526 _aP69
526 _a P51
526 _aP49
526 _aP48
526 _aP47
526 _aP33
526 _aP31
526 _a P30
526 _aP29
526 _aP27
526 _aP26
526 _aP25
526 _aP24
526 _a P22
526 _aP10
526 _aP09
526 _a P08
526 _aP06
526 _aP05
526 _aP04
526 _aP01
541 _g001-0002800;
650 0 4 _aEnfermería psiquiátrica
_xTratados, manuales, etc.
700 1 _aUgalde Apalategui, Mercedes,
_eautor.
910 _bjv
_clch
_d20070617
942 _2ddc
_cBOOK
949 _a616.89 R58
_wDEWEY
_c1
_i59723
_lCCODEBUL1
_mBUL
_p91.00
_r0
_sY
_tBOOK
_u2015-6-25
_xSALUD
_PP22
_0COMPRA
_o.STAFF. Colección Ciencias de la Salud
949 _a616.89 R58
_wDEWEY
_c2
_i56649
_lCCODEBUL1
_mBUL
_p46.00
_r0
_sY
_tBOOK
_u2015-6-25
_xSALUD
_zUNKNOWN
_0COMPRA
_o.STAFF. Colección Ciencias de la Salud
949 _a616.89 R58
_wDEWEY
_c3
_i56650
_lCCODEBUL1
_mBUL
_p46.00
_r0
_sY
_tBOOK
_u2015-6-25
_xSALUD
_zUNKNOWN
_0COMPRA
_o.STAFF. Colección Ciencias de la Salud
949 _a616.89 R58
_wDEWEY
_c4
_i57165
_lCCODEBUL1
_mBUL
_p57.00
_r0
_sY
_tBOOK
_u2015-6-25
_xSALUD
_PP22
_0COMPRA
_o.STAFF. Colección Ciencias de la Salud
949 _aPGS 616.89 R58
_wDEWEY
_c1
_i60622
_lCCODEBUL1
_mBUL
_p48.00
_r0
_sY
_tBOOK
_u2015-7-6
_xSALUD
_PP82
_o.STAFF. Colección Ciencias de la Salud
949 _a616.89 R58
_wDEWEY
_c1
_iFJ06964
_lCCODEBUJ1
_mBUJ
_p30.00
_r0
_sY
_tBOOK
_u2017-10-25
_xFCE
_PP08
_0COMPRA
_o.STAFF -- Colección General Juliaca
994 _aC0
_bPEPRU
596 _a1 3
999 _a616.89 R58
_wDEWEY
_c45816
_i59723
_d45816
_e2017-11-9
_f2021-11-4
_g5
_lCCODEBUL1
_mBUL
_n2
_p91.00
_q1
_r0
_sY
_tBOOK
_u2015-6-25
_xSALUD
_zP22
_0COMPRA
_o.STAFF. Colección Ciencias de la Salud
999 _a616.89 R58
_wDEWEY
_c2
_i56649
_f2019-12-11
_g4
_lDISCARD
_mBUL
_p46.00
_r1
_sY
_tBOOK
_u2015-6-25
_xSALUD
_zUNKNOWN
_0COMPRA
_o.STAFF. Colección General
999 _a616.89 R58
_wDEWEY
_c3
_i56650
_d2018-5-2
_e2017-11-22
_f2021-11-4
_g5
_lCCODEBUL1
_mBUL
_n1
_p46.00
_r0
_sY
_tBOOK
_u2015-6-25
_xSALUD
_zUNKNOWN
_0COMPRA
_o.STAFF. Colección Ciencias de la Salud
999 _a616.89 R58
_wDEWEY
_c4
_i57165
_f2019-12-11
_g4
_lDISCARD
_mBUL
_p57.00
_r1
_sY
_tBOOK
_u2015-6-25
_xSALUD
_PP22
_0COMPRA
_o.STAFF. Colección General
999 _aPGS 616.89 R58
_wDEWEY
_c1
_i60622
_d2019-5-17
_e2018-6-3
_f2021-11-4
_g5
_lCCODEBUL1
_mBUL
_n6
_p48.00
_q2
_r0
_sY
_tBOOK
_u2015-7-6
_xSALUD
_zP82
_0COMPRA
_o.STAFF. Colección Ciencias de la Salud
999 _a616.89 R58
_wDEWEY
_c1
_iFJ06964
_d2018-8-29
_e2018-8-26
_f2019-11-18
_g3
_lCCODEBUJ1
_mBUJ
_n3
_p30.00
_q1
_r0
_sY
_tBOOK
_u2017-2-16
_xSALUD
_PP33
_0COMPRA
_o.STAFF. Colección General Juliaca
980 _81
_gALBERTO SANCHEZ Responsable de Automatización